[Event "EU-chT (Women) 15th"]
[Site "Gothenburg"]
[Date "2005.07.30"]
[Round "1"]
[White "Makropoulou, Marina"]
[Black "Sommer, Sonja"]
[Result "1/2-1/2"]
[WhiteElo "2287"]
[BlackElo "2053"]
[PlyCount "106"]
[EventDate "2005.07.30"]
[EventType "team-swiss"]
[EventRounds "9"]
[EventCountry "SWE"]
[SourceTitle "CBM 107 Extra"]
[Source "ChessBase"]
[SourceDate "2005.09.01"]
[SourceVersion "1"]
[SourceVersionDate "2005.09.01"]
[SourceQuality "1"]
[WhiteTeam "Greece (W)"]
[BlackTeam "Austria (W)"]
[WhiteTeamCountry "GRE"]
[BlackTeamCountry "AUT"]

1. e4 e5 2. Nf3 Nc6 3. Bb5 a6 4. Bxc6 dxc6 5. 0-0 Bg4 6. h3 h5 7. d3 Qf6 8. Nbd2 Ne7 9. Nc4 Bxf3 10. Qxf3 Qxf3 11. gxf3 f6 12. Be3 0-0-0 13. Rfb1 g5 14. Kf1 Ng6 15. b4 Nf4 16. Bxf4 gxf4 17. Ke2 Rg8 18. c3 Rd7 19. Rg1 Rdg7 20. Rxg7 Rxg7 21. a3 c5 22. Rd1 cxb4 23. axb4 Rd7 24. Ra1 Kb8 25. Nd2 Rg7 26. Nb3 c6 27. Rd1 Kc7 28. d4 b6 29. Ra1 Kb7 30. Kd3 Rg2 31. Ke2 Bd6 32. Rb1 Kc7 33. Rf1 Be7 34. Kd3 Rh2 35. Ke2 Rxh3 36. Rg1 h4 37. dxe5 fxe5 38. Nd2 c5 39. Rg7 Kd8 40. Nc4 cxb4 41. cxb4 Bxb4 42. Nxe5 a5 43. Nc6+ Kc8 44. e5 Rh1 45. e6 Re1+ 46. Kd3 Rxe6 47. Nxb4 axb4 48. Rh7 Rc6 49. Rxh4 Rc3+ 50. Ke2 Rc4 51. Kd3 Rc3+ 52. Ke2 b3 53. Rxf4 Kc7 1/2-1/2

[Event "Olympiad Women-36"]
[Site "Mallorca"]
[Date "2004.10.20"]
[Round "6.3"]
[White "Sommer, Sonja"]
[Black "Zigangirova, Sofya"]
[Result "0-1"]
[WhiteElo "2043"]
[BlackElo "2330"]
[PlyCount "66"]
[EventDate "2004.10.15"]
[EventType "team-swiss"]
[EventRounds "14"]
[EventCountry "ESP"]
[SourceTitle "CBM 102 Extra"]
[Source "ChessBase"]
[SourceDate "2004.11.03"]
[SourceVersion "1"]
[SourceVersionDate "2004.11.03"]
[SourceQuality "1"]
[WhiteTeam "Austria (W)"]
[BlackTeam "Kazakhstan (W)"]
[WhiteTeamCountry "AUT"]
[BlackTeamCountry "KAZ"]

1. e4 c5 2. c3 d6 3. d4 Nf6 4. dxc5 Nc6 5. Nf3 Nxe4 6. cxd6 Nxd6 7. Bf4 g6 8. Na3 Bg7 9. Bxd6 exd6 10. Be2 0-0 11. 0-0 d5 12. Nc2 Qb6 13. Rb1 Bf5 14. Bd3 Be4 15. Ng5 Rad8 16. Bxe4 dxe4 17. Qg4 h6 18. Nxe4 f5 19. Qxg6 fxe4 20. Ne3 Ne5 21. Qxe4 Rd2 22. Nd5 Qe6 23. f4 Qxd5 24. Qxd5+ Rxd5 25. fxe5 Rxe5 26. Rxf8+ Bxf8 27. Kf1 Bc5 28. g4 Re4 29. h3 Re3 30. Kg2 Re2+ 31. Kg3 Bd6+ 32. Kh4 Re3 33. Rd1 Be7+ 0-1

[Event "AUT-ch (Women)"]
[Site "Hartberg"]
[Date "2003.08.10"]
[Round "13"]
[White "Sommer, Sonja"]
[Black "Hapala, Michaela"]
[Result "1-0"]
[WhiteElo "2038"]
[BlackElo "2008"]
[PlyCount "39"]
[EventDate "2003.07.29"]
[EventType "tourn"]
[EventRounds "13"]
[EventCountry "AUT"]
[SourceTitle "CBM 095 Extra"]
[Source "ChessBase"]
[SourceDate "2003.09.04"]
[SourceVersion "1"]
[SourceVersionDate "2003.09.04"]
[SourceQuality "1"]

1. e4 c5 2. c3 d5 3. exd5 Qxd5 4. d4 e5 5. dxe5 Qxe5+ 6. Be2 Nc6 7. Nf3 Qc7 8. 0-0 Bd6 9. Na3 Ne5 10. Re1 Nxf3+ 11. Bxf3+ Ne7 12. g3 Be5 13. Nb5 Qb8 14. Rxe5 a6 15. Nd6+ Kf8 16. Be3 f6 17. Rxc5 Bh3 18. Bf4 g5 19. Qb3 Kg7 20. Qf7+ 1-0

[Event "AUT-ch (Women)"]
[Site "Hartberg"]
[Date "2003.08.05"]
[Round "8"]
[White "Ragger, Anna Christina"]
[Black "Sommer, Sonja"]
[Result "1/2-1/2"]
[WhiteElo "2117"]
[BlackElo "2038"]
[PlyCount "31"]
[EventDate "2003.07.29"]
[EventType "tourn"]
[EventRounds "13"]
[EventCountry "AUT"]
[SourceTitle "CBM 095 Extra"]
[Source "ChessBase"]
[SourceDate "2003.09.04"]
[SourceVersion "1"]
[SourceVersionDate "2003.09.04"]
[SourceQuality "1"]

1. e4 e5 2. Nf3 Nc6 3. d4 exd4 4. Nxd4 Nf6 5. Nxc6 bxc6 6. Bd3 d5 7. e5 Nd7 8. 0-0 Be7 9. Re1 Nc5 10. c3 Nxd3 11. Qxd3 Be6 12. Be3 0-0 13. Nd2 c5 14. Rad1 Qd7 15. Qe2 Bf5 16. f3 1/2-1/2

[Event "AUT-ch (Women)"]
[Site "Hartberg"]
[Date "2003.08.01"]
[Round "4"]
[White "Sommer, Sonja"]
[Black "Hackbarth, Christa"]
[Result "1-0"]
[WhiteElo "2038"]
[BlackElo "2005"]
[PlyCount "65"]
[EventDate "2003.07.29"]
[EventType "tourn"]
[EventRounds "13"]
[EventCountry "AUT"]
[SourceTitle "CBM 095 Extra"]
[Source "ChessBase"]
[SourceDate "2003.09.04"]
[SourceVersion "1"]
[SourceVersionDate "2003.09.04"]
[SourceQuality "1"]

1. e4 c6 2. Nc3 d5 3. Nf3 dxe4 4. Nxe4 Nf6 5. Nxf6+ gxf6 6. d4 Bg7 7. Bc4 Na6 8. c3 Nc7 9. 0-0 Nd5 10. Nh4 Be6 11. Bd3 Qd7 12. Qc2 h5 13. Re1 0-0-0 14. a4 a5 15. Bd2 Bh6 16. Bxh6 Rxh6 17. Rad1 Rg8 18. Qd2 Rhh8 19. c4 Nb4 20. d5 cxd5 21. cxd5 Bxd5 22. Be4 Rg4 23. Bxd5 Qxd5 24. Qe3 Qe6 25. Qc5+ Qc6 26. Qxa5 Rxh4 27. Qa8+ Kc7 28. Qxh8 Nd5 29. b3 Qd6 30. g3 Rb4 31. Qxh5 Kc6 32. Qxf7 Rxb3 33. Re6 1-0

[Event "Olympiad Women-35"]
[Site "Bled"]
[Date "2002.11.07"]
[Round "12.2"]
[White "Melnik, Galina Ivanovna"]
[Black "Sommer, Sonja"]
[Result "1-0"]
[WhiteElo "2144"]
[BlackElo "2081"]
[PlyCount "51"]
[EventDate "2002.10.26"]
[EventType "team-swiss"]
[EventRounds "14"]
[EventCountry "SLO"]
[SourceTitle "EXT 2003"]
[Source "ChessBase"]
[SourceDate "2002.11.25"]
[SourceVersion "1"]
[SourceVersionDate "2002.11.25"]
[SourceQuality "1"]
[WhiteTeam "IPCA (W)"]
[BlackTeam "Austria (W)"]
[BlackTeamCountry "AUT"]

1. d4 d5 2. Nf3 Nf6 3. c4 e6 4. e3 dxc4 5. Bxc4 a6 6. a4 Nbd7 7. Nc3 c5 8. 0-0 Be7 9. Qe2 Nb6 10. Bb3 Nbd5 11. e4 Nb4 12. Rd1 Qc7 13. d5 exd5 14. exd5 0-0 15. Bg5 Bf5 16. Rac1 Rfe8 17. Qc4 Bd6 18. Bxf6 gxf6 19. h3 Rad8 20. Nh4 Bc8 21. Ne4 Re5 22. Nf3 Re7 23. Nxf6+ Kh8 24. Qh4 Bf5 25. Ng4 Bg6 26. Qf6+ 1-0